Players Championship 2025 (Darts) - Statistiken

Allgemein
  • Dieses Quiz wurde 91 mal gespielt
  • Das Durchschnittsergebnis liegt bei 26 aus 34
Antwortstatistiken
Turnier Sieger Nationalität % Korrekt
32 Luke Littler England
100%
2 Gerwyn Price Wales
98%
9 Gerwyn Price Wales
98%
12 Gerwyn Price Wales
98%
26 Gerwyn Price Wales
98%
7 Gary Anderson Schottland
92%
8 Martin Schindler Deutschland
91%
13 Damon Heta Australien
89%
20 Damon Heta Australien
89%
14 Jonny Clayton Wales
89%
10 Josh Rock Nordirland
88%
15 Krzysztof Ratajski Polen
86%
6 Gian van Veen Niederlande
83%
18 Stephen Bunting England
82%
25 Stephen Bunting England
82%
16 Ross Smith England
77%
29 Ross Smith England
77%
3 Chris Dobey England
73%
17 Chris Dobey England
73%
33 Chris Dobey England
73%
24 Jeffrey de Graaf Schweden
71%
11 Cameron Menzies Schottland
68%
30 Wessel Nijman Niederlande
67%
34 Wessel Nijman Niederlande
67%
1 Rob Cross England
65%
19 James Wade England
62%
23 Jermaine Wattimena Niederlande
61%
31 Jermaine Wattimena Niederlande
61%
4 Ryan Searle England
59%
28 Ryan Searle England
59%
5 Joe Cullen England
52%
27 Joe Cullen England
52%
22 Sebastian Białecki Polen
48%
21 Bradley Brooks England
30%
Keine übereinstimmenden Quizze gefunden
Verteilung der Resultate
Anzahl Personen mit jedem Resultat
Perzentil nach korrekt beantworteten Fragen
Ihre Resultats-Entwicklung
Sie haben dieses Quiz noch nicht gespielt